[Event "Arvier Grand Paradis op-A 4th"]
[Site "Arvier"]
[Date "2017.08.01"]
[Round "3.5"]
[White "Marguerettaz, Davy"]
[Black "Cattaneo, Roger"]
[Result "1-0"]
[WhiteElo "2160"]
[BlackElo "1886"]
[PlyCount "65"]
[EventDate "2017.07.30"]
[EventType "swiss"]
[EventRounds "7"]
[EventCountry "ITA"]
[SourceTitle "EXT 2023"]
[Source "ChessBase"]
[SourceDate "2022.10.05"]
[SourceVersion "1"]
[SourceVersionDate "2022.10.05"]
[SourceQuality "1"]

1. e4 c5 2. Nc3 Nc6 3. g3 d6 4. Bg2 Nf6 5. d3 g6 6. f4 Bg7 7. Nf3 0-0 8. 0-0 a6 9. h3 Rb8 10. g4 e6 11. Qe1 b5 12. f5 b4 13. Ne2 exf5 14. exf5 gxf5 15. gxf5 Ne5 16. Nxe5 dxe5 17. Bg5 h6 18. Be3 Qc7 19. Qh4 Kh7 20. Ng3 Rb6 21. Ne4 Nxe4 22. Bxe4 f6 23. Qf2 Rb5 24. Kh2 Bb7 25. Rg1 Rg8 26. Rg6 Qf7 27. Qh4 Qf8 28. Rag1 Bxe4 29. dxe4 Rh8 30. Rxg7+ Qxg7 31. Rxg7+ Kxg7 32. Qg4+ Kf8 33. Qg6 1-0

[Event "Arvier Spring op-A"]
[Site "Arvier"]
[Date "2017.04.24"]
[Round "6"]
[White "Dragojlovic, Andjelko"]
[Black "Cattaneo, Roger"]
[Result "1-0"]
[WhiteElo "2332"]
[BlackElo "1858"]
[PlyCount "67"]
[EventDate "2017.04.21"]
[EventType "swiss"]
[EventRounds "7"]
[EventCountry "ITA"]
[SourceTitle "CBM 178 Extra"]
[Source "ChessBase"]
[SourceDate "2017.06.22"]
[SourceVersion "1"]
[SourceVersionDate "2017.06.22"]
[SourceQuality "1"]

1. e4 c5 2. Nf3 Nc6 3. Nc3 d6 4. d4 cxd4 5. Nxd4 e5 6. Nde2 Be7 7. g3 Nf6 8. Bg2 0-0 9. 0-0 a6 10. Nd5 Nxd5 11. exd5 Na7 12. a4 b6 13. c4 f5 14. f4 e4 15. Be3 Bd7 16. Qd2 Qc7 17. Rfc1 Qb7 18. b4 Bf6 19. Ra2 Nc8 20. Bf1 Ne7 21. Nd4 b5 22. cxb5 axb5 23. Nxb5 Bxb5 24. Bxb5 Rac8 25. Rac2 Rxc2 26. Rxc2 Rb8 27. Rc6 Nxc6 28. dxc6 Qf7 29. Qxd6 Rd8 30. Qc5 Rd1+ 31. Kg2 Rd5 32. Bc4 Rxc5 33. Bxf7+ Kxf7 34. Bxc5 1-0

[Event "Arvier Spring op-A"]
[Site "Arvier"]
[Date "2017.04.22"]
[Round "2"]
[White "Cattaneo, Roger"]
[Black "Peric, Slavisa"]
[Result "1/2-1/2"]
[WhiteElo "1858"]
[BlackElo "2135"]
[PlyCount "100"]
[EventDate "2017.04.21"]
[EventType "swiss"]
[EventRounds "7"]
[EventCountry "ITA"]
[SourceTitle "CBM 178 Extra"]
[Source "ChessBase"]
[SourceDate "2017.06.22"]
[SourceVersion "1"]
[SourceVersionDate "2017.06.22"]
[SourceQuality "1"]

1. e4 e6 2. d4 d5 3. exd5 exd5 4. Bf4 Bd6 5. Bg3 Bf5 6. Bd3 Bxd3 7. Qxd3 c6 8. Nf3 Nf6 9. 0-0 0-0 10. Nbd2 Bxg3 11. hxg3 Nbd7 12. a4 Re8 13. Rfe1 Qb6 14. b3 g6 15. c4 Qc7 16. cxd5 Nxd5 17. Nc4 Rad8 18. Rxe8+ Rxe8 19. Nce5 Kg7 20. Qd2 Nxe5 21. Nxe5 h5 22. b4 a6 23. Rb1 Qd8 24. b5 axb5 25. axb5 c5 26. Rc1 Nc7 27. Rxc5 Ne6 28. Rc4 Qd5 29. Qb4 Nxd4 30. Rxd4 Qxe5 31. Rd7 Qa1+ 32. Kh2 Re1 33. Qd4+ Qxd4 34. Rxd4 Rb1 35. Rd5 Kf6 36. Rd6+ Kf5 37. Rb6 g5 38. Rxb7 f6 39. f3 g4 40. b6 Rb2 41. f4 Rb1 42. Rb8 Kg6 43. Rb7 f5 44. Rb8 Kg7 45. b7 Kh7 46. Rf8 Rxb7 47. Rxf5 Kg6 48. Rg5+ Kh6 49. Kg1 Rb1+ 50. Kf2 Rb2+ 1/2-1/2

[Event "Arvier Spring op-A"]
[Site "Arvier"]
[Date "2017.04.21"]
[Round "1"]
[White "Gromovs, Sergejs"]
[Black "Cattaneo, Roger"]
[Result "1/2-1/2"]
[WhiteElo "2297"]
[BlackElo "1858"]
[PlyCount "113"]
[EventDate "2017.04.21"]
[EventType "swiss"]
[EventRounds "7"]
[EventCountry "ITA"]
[SourceTitle "CBM 178 Extra"]
[Source "ChessBase"]
[SourceDate "2017.06.22"]
[SourceVersion "1"]
[SourceVersionDate "2017.06.22"]
[SourceQuality "1"]

1. d4 d5 2. Nf3 Nf6 3. c4 e6 4. Nc3 c5 5. cxd5 Nxd5 6. e4 Nxc3 7. bxc3 cxd4 8. cxd4 Bb4+ 9. Bd2 Nc6 10. Bxb4 Nxb4 11. Qa4+ Nc6 12. Bb5 Bd7 13. 0-0 0-0 14. d5 Nb8 15. Rfd1 exd5 16. Rxd5 Bxb5 17. Qxb5 Qe7 18. Rad1 Nc6 19. Rd7 Qxe4 20. Qxb7 Rab8 21. Qc7 Rb1 22. h3 Rxd1+ 23. Rxd1 Qa4 24. Rd6 Nb4 25. Rd8 Nc6 26. Rxf8+ Kxf8 27. Qd6+ Ke8 28. Ng5 h6 29. Nh7 Qc4 30. g3 Qe6 31. Qf8+ Kd7 32. Qxg7 Qxa2 33. Qxh6 Qb1+ 34. Kh2 Qf5 35. Nf6+ Kc7 36. Ng4 a5 37. Qd2 a4 38. Ne3 Qe4 39. Nd5+ Kc8 40. Nc3 Qc4 41. Qb2 Qb3 42. Qd2 a3 43. Kg2 Nb4 44. Qc1 Nc2 45. Qd2 a2 46. Nxa2 Qxa2 47. g4 Qc4 48. f3 Nd4 49. h4 Qe2+ 50. Qxe2 Nxe2 51. Kf2 Nf4 52. h5 Kd7 53. Ke3 Nd5+ 54. Ke4 Ke6 55. g5 f5+ 56. gxf6 Nxf6+ 57. Kf4 1/2-1/2

[Event "Arvier op 2nd"]
[Site "Arvier"]
[Date "2015.07.31"]
[Round "6"]
[White "Cattaneo, Roger"]
[Black "Piazza, Giacomo"]
[Result "1-0"]
[WhiteElo "1836"]
[BlackElo "1542"]
[PlyCount "117"]
[EventDate "2015.07.26"]
[EventType "swiss"]
[EventRounds "7"]
[EventCountry "ITA"]
[SourceTitle "EXT 2016"]
[Source "ChessBase"]
[SourceDate "2015.10.08"]
[SourceVersion "1"]
[SourceVersionDate "2015.10.08"]
[SourceQuality "1"]

1. d4 c6 2. c4 d6 3. Nc3 Qc7 4. e4 Nf6 5. Nf3 Bg4 6. Be2 Nbd7 7. h3 Bh5 8. 0-0 e5 9. d5 Be7 10. Bd2 0-0 11. b4 Bg6 12. Qc2 a6 13. Bd3 b5 14. Rfc1 Bh5 15. dxc6 Qxc6 16. cxb5 axb5 17. Bxb5 Qb7 18. Ne1 Bg6 19. Bd3 Rfc8 20. Qb1 Nb6 21. f3 Nc4 22. Bxc4 Rxc4 23. Nd1 d5 24. Rxc4 dxc4 25. a4 Nd5 26. b5 Qb6+ 27. Kh1 Qd4 28. Qc1 Bb4 29. Bxb4 Nxb4 30. Qc3 Qc5 31. Ne3 Rc8 32. N1c2 Nd3 33. Na3 Qxe3 34. Qc2 Nf2+ 35. Kh2 Qf4+ 36. Kg1 Nxh3+ 37. gxh3 Qxf3 38. Qg2 Qd3 39. Kh2 Bxe4 40. Qf2 f5 41. a5 Qd6 42. a6 Bd3 43. b6 e4+ 44. Kg1 Qg6+ 45. Kh1 Qc6 46. Qd4 e3+ 47. Kh2 Qf3 48. Rg1 g6 49. b7 Rf8 50. Nxc4 Be4 51. Qxe3 Qxe3 52. Nxe3 Rd8 53. Rc1 Rd2+ 54. Kg3 Rd3 55. b8Q+ Kg7 56. Kf4 g5+ 57. Ke5 Rxe3 58. Rc7+ Kh6 59. Qf8+ 1-0

[Event "Arvier Amatori op 5th"]
[Site "Arvier"]
[Date "2015.01.03"]
[Round "3"]
[White "Baloire, Endy"]
[Black "Cattaneo, Roger"]
[Result "1-0"]
[WhiteElo "1960"]
[BlackElo "1827"]
[PlyCount "65"]
[EventDate "2015.01.02"]
[EventType "swiss"]
[EventRounds "5"]
[EventCountry "ITA"]
[SourceTitle "EXT 2017"]
[Source "ChessBase"]
[SourceDate "2016.10.25"]
[SourceVersion "1"]
[SourceVersionDate "2016.10.25"]
[SourceQuality "1"]

1. d4 d5 2. c4 e6 3. Nc3 Nf6 4. Bg5 Be7 5. e3 c6 6. Bd3 dxc4 7. Bxc4 Nd5 8. Bxe7 Qxe7 9. Nf3 Nxc3 10. bxc3 b5 11. Bd3 a5 12. 0-0 0-0 13. Ne5 f6 14. Qh5 g6 15. Nxg6 hxg6 16. Bxg6 Bd7 17. f4 Be8 18. Rf3 Bxg6 19. Qxg6+ Qg7 20. Qh5 Qh7 21. Rg3+ Kh8 22. Qf3 Qc2 23. Rh3+ Kg8 24. Qh5 Ra7 25. Qh8+ Kf7 26. Qh7+ Qxh7 27. Rxh7+ Kg6 28. Rxa7 Kf5 29. Rxa5 Ke4 30. Kf2 Nd7 31. a4 bxa4 32. R5xa4 Nb6 33. Ra6 1-0

[Event "Arvier Amatori op 5th"]
[Site "Arvier"]
[Date "2015.01.03"]
[Round "2"]
[White "Cattaneo, Roger"]
[Black "Marguerettaz, Davy"]
[Result "1/2-1/2"]
[WhiteElo "1827"]
[BlackElo "2222"]
[PlyCount "77"]
[EventDate "2015.01.02"]
[EventType "swiss"]
[EventRounds "5"]
[EventCountry "ITA"]
[SourceTitle "EXT 2017"]
[Source "ChessBase"]
[SourceDate "2016.10.25"]
[SourceVersion "1"]
[SourceVersionDate "2016.10.25"]
[SourceQuality "1"]

1. d4 d5 2. c4 e6 3. Nc3 Nf6 4. e3 Be7 5. Nf3 0-0 6. Bd3 a6 7. c5 b6 8. b4 a5 9. Ba3 axb4 10. Bxb4 bxc5 11. dxc5 Na6 12. Bxa6 Bxa6 13. Ne5 Qe8 14. Qc2 Ne4 15. Nxe4 dxe4 16. Rc1 Qb5 17. a3 Rfd8 18. Qc4 Rd5 19. Qxb5 Bxb5 20. f4 exf3 21. Nxf3 e5 22. e4 Rd3 23. Nxe5 Re3+ 24. Kf2 Re2+ 25. Kf3 f5 26. Rhe1 fxe4+ 27. Kg3 Bf6 28. Ng4 Bd4 29. Rxe2 Bxe2 30. Re1 Bd3 31. Nf2 Bxf2+ 32. Kxf2 Kf7 33. Ke3 Ke6 34. Rc1 c6 35. Ra1 Kd5 36. Ra2 Rf8 37. Rf2 Rxf2 38. Kxf2 Kd4 39. Ke1 1/2-1/2

[Event "Arvier Amatori op 5th"]
[Site "Arvier"]
[Date "2015.01.02"]
[Round "1"]
[White "Leo, Giovanni"]
[Black "Cattaneo, Roger"]
[Result "0-1"]
[WhiteElo "1398"]
[BlackElo "1827"]
[PlyCount "86"]
[EventDate "2015.01.02"]
[EventType "swiss"]
[EventRounds "5"]
[EventCountry "ITA"]
[SourceTitle "EXT 2017"]
[Source "ChessBase"]
[SourceDate "2016.10.25"]
[SourceVersion "1"]
[SourceVersionDate "2016.10.25"]
[SourceQuality "1"]

1. d4 d5 2. c4 c6 3. cxd5 cxd5 4. Nc3 e6 5. Bf4 a6 6. e3 Nf6 7. Bd3 Nc6 8. a3 Bd6 9. Nge2 0-0 10. 0-0 Bxf4 11. Nxf4 b5 12. Re1 Bb7 13. Bc2 b4 14. Na4 bxa3 15. bxa3 Na5 16. Nc5 Bc6 17. f3 Nd7 18. Qb1 h6 19. Nfxe6 fxe6 20. Nxe6 Qf6 21. Nxf8 Rxf8 22. Qb4 Nc4 23. Bd3 a5 24. Qc3 Ndb6 25. Bxc4 Nxc4 26. Kf2 Qd6 27. Kg1 Rb8 28. Reb1 Rxb1+ 29. Rxb1 Nxa3 30. Ra1 Nc4 31. Qe1 a4 32. e4 dxe4 33. fxe4 Qxd4+ 34. Kh1 a3 35. e5 Qd5 36. Qe2 Qd4 37. Qe1 Ne3 38. Rxa3 Bxg2+ 39. Kg1 Nc2+ 40. Qf2 Qxf2+ 41. Kxf2 Nxa3 42. Kxg2 Kf7 43. Kf3 Ke6 0-1

[Event "Arvier Amatori op 2nd"]
[Site "Arvier"]
[Date "2012.01.08"]
[Round "7"]
[White "Barletta, Mauro"]
[Black "Cattaneo, Roger"]
[Result "1-0"]
[WhiteElo "2237"]
[BlackElo "1811"]
[PlyCount "81"]
[EventDate "2012.01.02"]
[EventType "swiss"]
[EventRounds "7"]
[EventCountry "ITA"]
[SourceTitle "EXT 2014"]
[Source "ChessBase"]
[SourceDate "2013.11.20"]
[SourceVersion "1"]
[SourceVersionDate "2013.11.20"]
[SourceQuality "1"]

1. Nf3 Nc6 2. e4 e5 3. Bc4 Bc5 4. c3 Nge7 5. d4 exd4 6. cxd4 Bb4+ 7. Nc3 d5 8. exd5 Nxd5 9. 0-0 Be6 10. Qb3 Na5 11. Qa4+ Bd7 12. Bb5 Bxb5 13. Qxb5+ c6 14. Re1+ Kf8 15. Qd3 Nxc3 16. bxc3 Be7 17. a4 c5 18. Bf4 cxd4 19. cxd4 Bf6 20. Qa3+ Kg8 21. Rad1 h6 22. Qd3 g5 23. Be5 Kg7 24. d5 Re8 25. Qb5 Bxe5 26. Nxe5 b6 27. h3 Qd6 28. Ng4 Rxe1+ 29. Rxe1 Rd8 30. Qb2+ Kh7 31. Nf6+ Kg6 32. Ne8 Rxe8 33. Rxe8 Qxd5 34. Rg8+ Kf5 35. g4+ Ke6 36. Re8+ Kd7 37. Qe2 Nc6 38. Re3 Nd4 39. Qd3 Kd6 40. Re4 Kc5 41. Qc3+ 1-0

[Event "Arvier Amatori op 2nd"]
[Site "Arvier"]
[Date "2012.01.04"]
[Round "3"]
[White "Cattaneo, Roger"]
[Black "Marguerettaz, Davy"]
[Result "0-1"]
[WhiteElo "1811"]
[BlackElo "2201"]
[PlyCount "74"]
[EventDate "2012.01.02"]
[EventType "swiss"]
[EventRounds "7"]
[EventCountry "ITA"]
[SourceTitle "EXT 2014"]
[Source "ChessBase"]
[SourceDate "2013.11.20"]
[SourceVersion "1"]
[SourceVersionDate "2013.11.20"]
[SourceQuality "1"]

1. e4 c5 2. Nf3 Nc6 3. Nc3 g6 4. Bc4 Bg7 5. a3 e6 6. d3 Nge7 7. 0-0 0-0 8. Bf4 d6 9. Rb1 a6 10. Ne2 b5 11. Bb3 a5 12. a4 Ba6 13. axb5 Bxb5 14. Nc3 Ba6 15. Re1 Nb4 16. Qd2 Nec6 17. Bh6 Nd4 18. Nxd4 cxd4 19. Bxg7 Kxg7 20. Ne2 Qb6 21. Ba4 Rac8 22. f4 Bb5 23. Bxb5 Rxc2 24. Qd1 Qxb5 25. Kh1 Qxd3 26. Nxd4 Rd2 27. Nxe6+ fxe6 28. Qa4 Qc2 29. Qd7+ Rf7 30. Qxe6 Rxg2 31. Qh3 Re2 32. Rxe2 Qxb1+ 33. Kg2 Nd3 34. Qe3 Nxf4+ 35. Kg3 Nxe2+ 36. Qxe2 Qg1+ 37. Kh3 Qf1+ 0-1

[Event "Arvier Amatori op 1st"]
[Site "Arvier"]
[Date "2011.01.08"]
[Round "6"]
[White "Cattaneo, Roger"]
[Black "Riboldi, Raffaele"]
[Result "1-0"]
[WhiteElo "1768"]
[BlackElo "1928"]
[PlyCount "113"]
[EventDate "2011.01.03"]
[EventType "swiss"]
[EventRounds "7"]
[EventCountry "ITA"]
[SourceTitle "EXT 2012"]
[Source "ChessBase"]
[SourceDate "2011.11.24"]
[SourceVersion "1"]
[SourceVersionDate "2011.11.24"]
[SourceQuality "1"]

1. e4 e6 2. Nf3 d5 3. exd5 exd5 4. d4 Nc6 5. Bf4 Bd6 6. Bg3 Nge7 7. Be2 0-0 8. 0-0 Bg4 9. c3 Re8 10. Nbd2 Ng6 11. Bd3 Bxg3 12. hxg3 Qd7 13. Qc2 Re7 14. Rfe1 Rae8 15. Rxe7 Rxe7 16. Nf1 Nf8 17. Ne3 Bh5 18. Qb3 Bxf3 19. gxf3 Nd8 20. Qxd5 Qxd5 21. Nxd5 Rd7 22. Bc4 b5 23. Bb3 a5 24. Ne3 Nfe6 25. Bc2 g6 26. a4 b4 27. Nc4 c5 28. dxc5 Nxc5 29. cxb4 axb4 30. b3 Nde6 31. Rb1 Nd4 32. Bd1 Kf8 33. Nd2 f5 34. Rc1 Nd3 35. Rc8+ Ke7 36. Kf1 Kf6 37. Be2 Nb2 38. Nc4 Nxe2 39. Nxb2 Nd4 40. Rc4 Nxf3 41. Rxb4 Rd2 42. Nc4 Rc2 43. Ne3 Rb2 44. a5 Rxb3 45. Rxb3 Nd2+ 46. Ke2 Nxb3 47. a6 Nd4+ 48. Kd3 Nc6 49. Kc4 g5 50. Kc5 Na7 51. Kb6 Nc8+ 52. Kc7 Na7 53. Kb7 Nb5 54. Nc4 Ke6 55. Kb6 Nc3 56. a7 Nd5+ 57. Kb7 1-0

[Event "Arvier Amatori op 1st"]
[Site "Arvier"]
[Date "2011.01.04"]
[Round "2"]
[White "Bogatto, Mario"]
[Black "Cattaneo, Roger"]
[Result "0-1"]
[WhiteElo "1458"]
[BlackElo "1768"]
[PlyCount "86"]
[EventDate "2011.01.03"]
[EventType "swiss"]
[EventRounds "7"]
[EventCountry "ITA"]
[SourceTitle "EXT 2012"]
[Source "ChessBase"]
[SourceDate "2011.11.24"]
[SourceVersion "1"]
[SourceVersionDate "2011.11.24"]
[SourceQuality "1"]

1. e4 c5 2. Ne2 Nc6 3. Nbc3 Nd4 4. Nxd4 cxd4 5. Ne2 e5 6. d3 Nf6 7. Ng3 Bb4+ 8. Bd2 Bxd2+ 9. Qxd2 0-0 10. Be2 d5 11. f3 dxe4 12. fxe4 Bg4 13. 0-0-0 b5 14. h3 Be6 15. Kb1 a5 16. Qg5 Nd7 17. Qxd8 Rfxd8 18. Rhf1 b4 19. Nf5 g6 20. Nh6+ Kg7 21. Ng4 a4 22. b3 axb3 23. cxb3 Rdc8 24. Rc1 Rc3 25. Rxc3 dxc3 26. Rc1 Bxg4 27. Bxg4 Nc5 28. Be2 Ne6 29. g3 Nd4 30. Bd1 Ra3 31. h4 h5 32. g4 hxg4 33. Bxg4 Ra6 34. Rf1 Rc6 35. Bd1 c2+ 36. Bxc2 Rxc2 37. Rh1 Rc3 38. Rh3 Ne2 39. h5 gxh5 40. Rxh5 f6 41. Rh3 Nf4 42. Rg3+ Kh7 43. Kb2 Nxd3+ 0-1

[Event "Arvier op"]
[Site "Arvier"]
[Date "2010.07.06"]
[Round "5"]
[White "Cattaneo, Roger"]
[Black "Pierantoni, Mauro"]
[Result "1-0"]
[WhiteElo "1581"]
[BlackElo "1736"]
[PlyCount "30"]
[EventDate "2010.07.03"]
[EventType "swiss"]
[EventRounds "9"]
[EventCountry "ITA"]
[SourceTitle "CBM 137 Extra"]
[Source "ChessBase"]
[SourceDate "2010.09.01"]
[SourceVersion "1"]
[SourceVersionDate "2010.09.01"]
[SourceQuality "1"]

1. e4 e6 2. d4 d5 3. Nd2 Nf6 4. e5 Nfd7 5. Ngf3 c5 6. c3 Nc6 7. Bd3 Qb6 8. Qb3 Qxb3 9. axb3 cxd4 10. cxd4 Nb4 11. Bb1 Nb6 12. 0-0 Bd7 13. Re1 Bb5 14. Nf1 a6 15. Bd2 Bd3 1-0

[Event "Arvier op"]
[Site "Arvier"]
[Date "2010.07.05"]
[Round "3"]
[White "Coqueraut, Lodewyk"]
[Black "Cattaneo, Roger"]
[Result "0-1"]
[WhiteElo "1833"]
[BlackElo "1581"]
[PlyCount "100"]
[EventDate "2010.07.03"]
[EventType "swiss"]
[EventRounds "9"]
[EventCountry "ITA"]
[SourceTitle "CBM 137 Extra"]
[Source "ChessBase"]
[SourceDate "2010.09.01"]
[SourceVersion "1"]
[SourceVersionDate "2010.09.01"]
[SourceQuality "1"]

1. d4 d5 2. Nf3 Nf6 3. c4 c6 4. e3 e6 5. Bd3 dxc4 6. Bxc4 Bd6 7. Nc3 b5 8. Bd3 0-0 9. 0-0 Nbd7 10. e4 e5 11. d5 cxd5 12. Nxd5 Nxd5 13. exd5 a6 14. Bg5 f6 15. Bh4 Bb7 16. Rc1 Nb6 17. Be4 Qd7 18. Bg3 f5 19. Bc2 e4 20. Bxd6 Qxd6 21. Ng5 Bxd5 22. Bb3 h6 23. Nh3 Rad8 24. Bxd5+ Qxd5 25. Qxd5+ Nxd5 26. a3 b4 27. a4 Nb6 28. Nf4 Rc8 29. b3 Rxc1 30. Rxc1 Rc8 31. Rxc8+ Nxc8 32. Nd5 a5 33. Kf1 Kf7 34. Nc7 Na7 35. Ke2 Nc6 36. Ke3 g5 37. f3 exf3 38. gxf3 Kf6 39. Na6 Ke5 40. Nc5 f4+ 41. Kd3 Kd5 42. Ne4 Ne5+ 43. Ke2 Kd4 44. Nd6 Kc3 45. Nb7 Kxb3 46. Nxa5+ Kxa4 47. Nb7 b3 48. Nc5+ Kb4 49. Ne4 b2 50. Nd2 Ka3 0-1

[Event "ITA-ch qual"]
[Site "Arvier"]
[Date "2009.09.29"]
[Round "4"]
[White "Bogatto, Mario"]
[Black "Cattaneo, Roger"]
[Result "0-1"]
[WhiteElo "1455"]
[BlackElo "1506"]
[PlyCount "94"]
[EventDate "2009.09.26"]
[EventType "swiss"]
[EventRounds "9"]
[EventCountry "ITA"]
[SourceTitle "CBM 132 Extra"]
[Source "ChessBase"]
[SourceDate "2009.11.03"]
[SourceVersion "1"]
[SourceVersionDate "2009.11.03"]
[SourceQuality "1"]

1. e4 e5 2. Nf3 Nc6 3. c3 Nf6 4. Bd3 a5 5. Bc2 d5 6. exd5 Qxd5 7. Bb3 Qe4+ 8. Qe2 Qxe2+ 9. Kxe2 Bg4 10. h3 Bxf3+ 11. gxf3 Bc5 12. d3 b5 13. Be3 Bxe3 14. fxe3 a4 15. Bc2 0-0 16. Nd2 Ne7 17. e4 c5 18. a3 Nh5 19. Rad1 Ng3+ 20. Kf2 Nxh1+ 21. Rxh1 Rad8 22. Ke3 f5 23. Rg1 f4+ 24. Ke2 h6 25. Bb1 Rb8 26. Ba2+ Kh7 27. h4 b4 28. Nc4 b3 29. Bb1 Nc6 30. h5 Rf6 31. Rg4 g6 32. hxg6+ Rxg6 33. Rxg6 Kxg6 34. Nd6 Kh7 35. Kf2 Ne7 36. d4 cxd4 37. cxd4 Rd8 38. dxe5 Ng6 39. Nc4 Rd1 40. Nb6 Rxb1 41. Nxa4 Nxe5 42. Ke2 h5 43. Kf2 Nd3+ 44. Kg2 Nxb2 45. Nc3 Rc1 46. Nd5 Nd3 47. a4 b2 0-1

[Event "ITA-ch qual"]
[Site "Arvier"]
[Date "2009.09.27"]
[Round "3"]
[White "Cattaneo, Roger"]
[Black "Bitti, Sandro"]
[Result "0-1"]
[WhiteElo "1506"]
[BlackElo "1718"]
[PlyCount "66"]
[EventDate "2009.09.26"]
[EventType "swiss"]
[EventRounds "9"]
[EventCountry "ITA"]
[SourceTitle "CBM 132 Extra"]
[Source "ChessBase"]
[SourceDate "2009.11.03"]
[SourceVersion "1"]
[SourceVersionDate "2009.11.03"]
[SourceQuality "1"]

1. d4 d5 2. Bf4 Nf6 3. Nf3 c6 4. e3 Bf5 5. Nbd2 e6 6. a3 Nbd7 7. c4 Be7 8. c5 Nh5 9. Bg3 Nxg3 10. fxg3 e5 11. Nb3 exd4 12. exd4 0-0 13. Bd3 Be4 14. 0-0 f5 15. Nc1 Bf6 16. Ne2 a5 17. Qc2 b6 18. b4 axb4 19. axb4 b5 20. Bxe4 fxe4 21. Nd2 Qe7 22. Nb3 Rxa1 23. Rxa1 Qf7 24. Qd2 Bg5 25. Qe1 Be3+ 26. Kh1 Nf6 27. Nf4 Ng4 28. h3 Bxf4 29. gxf4 Nh6 30. g3 Qh5 31. Qf1 Nf5 32. Kh2 Ne3 33. Qc1 Qe2+ 0-1